Top 30 Failed States Updated for 2024 - Statistics

General Stats
  • This quiz has been taken 379 times
    93 since last reset
  • The average score is 23 of 30
Answer Stats
Answer % Correct
Niger
93%
Somalia
92%
Democratic Republic of the Congo
91%
Libya
89%
South Sudan
89%
Syria
89%
Sudan
88%
Yemen
88%
Afghanistan
86%
Venezuela
86%
Haiti
85%
Mali
85%
Nigeria
85%
Central African Republic
82%
Myanmar
82%
Chad
81%
Eritrea
78%
Ethiopia
77%
Burkina Faso
76%
Republic of the Congo
74%
Cameroon
73%
Zimbabwe
73%
Pakistan
70%
Burundi
69%
Guinea
69%
Mozambique
69%
Lebanon
66%
Ukraine
65%
Uganda
57%
Palestine
39%
No matching quizzes found
Score Distribution
Percent of People with Each Score
Percentile by Number Answered
Your Score History
You have not taken this quiz since the last reset